[Event "Rated Blitz game"]
[Site "?"]
[Date "2021.07.31"]
[Round "?"]
[White "vava05"]
[Black "ahoramahora"]
[Result "0-1"]
[WhiteElo "2433"]
[BlackElo "2421"]
[PlyCount "26"]
[EventDate "2021.??.??"]
[EventType "blitz"]

1. e4 e5 2. Nf3 d5 3. Nxe5 Bd6 4. d4 dxe4 5. Bc4 Bxe5 6. dxe5 Qxd1+ 7. Kxd1 Nc6
8. Nc3 Bg4+ 9. Ke1 Nxe5 10. Bd5 Nf6 11. Bxb7 Rd8 12. Bxe4 Nxe4 13. Nxe4 Rd1# {
Normal} 0-1

[Event "Rated Blitz tournament PniNVDAO"]
[Site "?"]
[Date "2021.07.31"]
[Round "?"]
[White "thegoldensuperking"]
[Black "GoughPhar"]
[Result "1-0"]
[WhiteElo "2307"]
[BlackElo "2484"]
[PlyCount "63"]
[EventDate "2021.??.??"]
[EventType "blitz"]

1. e4 e5 2. Nf3 d5 3. exd5 e4 4. Nd4 Qxd5 5. Nb3 Nf6 6. Nc3 Qf5 7. Be2 Nc6 8.
d3 Be6 9. dxe4 Nxe4 10. O-O Rd8 11. Bd3 Nxc3 12. bxc3 Qe5 13. Re1 Qxc3 14. Bf4
Bd6 15. Bxd6 Rxd6 16. Qf3 Qf6 17. Qxf6 gxf6 18. Nc5 b6 19. Ne4 Rd8 20. Bb5 Ke7
21. Bxc6 Rhg8 22. Ng3 Rd2 23. Be4 Rgd8 24. Bxh7 R8d5 25. Be4 Ra5 26. a3 Rd4 27.
Bd3 Rda4 28. h3 Rxa3 29. Rxa3 Rxa3 30. h4 Ra4 31. h5 Rh4 32. Nf5+ {Normal} 1-0

[Event "Rated Blitz game"]
[Site "?"]
[Date "2021.07.31"]
[Round "?"]
[White "ghadanfar"]
[Black "ahoramahora"]
[Result "0-1"]
[WhiteElo "2484"]
[BlackElo "2427"]
[PlyCount "74"]
[EventDate "2021.??.??"]
[EventType "blitz"]

1. e4 e5 2. Nf3 d5 3. exd5 e4 4. Qe2 Nf6 5. d3 Qxd5 6. Nc3 Bb4 7. Ng5 O-O 8.
Ngxe4 Nxe4 9. dxe4 Bxc3+ 10. bxc3 Qa5 11. Bd2 Nc6 12. Qb5 Re8 13. f3 Qa3 14.
Bc4 Be6 15. Bxe6 Rxe6 16. O-O Rd8 17. Bc1 Qxc3 18. Qb3 Qc5+ 19. Be3 Nd4 20. Qb2
Rb6 21. Qc1 Ne2+ 22. Kf2 Nxc1 23. Bxc5 Rd2+ 24. Ke3 Re2+ 25. Kf4 Rf6+ 26. Kg3
Rg6+ 27. Kh3 Rc6 28. Raxc1 Rxc5 29. Rfd1 h5 30. Rd8+ Kh7 31. c4 Kg6 32. Kg3
Rxa2 33. h4 Ra4 34. Rcd1 Raxc4 35. Kf4 f6 36. g4 hxg4 37. Kxg4 Kf7 {Time
forfeit} 0-1

[Event "Rated Blitz game"]
[Site "?"]
[Date "2021.07.31"]
[Round "?"]
[White "Ertugal"]
[Black "ahoramahora"]
[Result "1-0"]
[WhiteElo "2521"]
[BlackElo "2430"]
[PlyCount "68"]
[EventDate "2021.??.??"]
[EventType "blitz"]

1. e4 e5 2. Nf3 d5 3. exd5 e4 4. Qe2 Nf6 5. Nc3 Be7 6. Nxe4 O-O 7. d3 Qxd5 8.
c4 Qh5 9. Nd4 Qe5 10. Nf3 Qh5 11. Be3 Bg4 12. h3 Nc6 13. O-O-O Rfe8 14. Rg1
Bxf3 15. Qxf3 Qxf3 16. gxf3 Ne5 17. f4 Nf3 18. Rg3 Nh4 19. Bd4 Nxe4 20. Rxg7+
Kf8 21. dxe4 Rad8 22. Rxh7 Ng6 23. f5 Rxd4 24. Rxd4 Kg8 25. fxg6 fxg6 26. Rxe7
Rxe7 27. Bd3 Rh7 28. Bf1 Kf8 29. f3 Ke7 30. Kd2 g5 31. Ke3 Rf7 32. Rd5 Kf6 33.
Rf5+ Kg6 34. Rxf7 Kxf7 {Normal} 1-0

[Event "Rated Blitz game"]
[Site "?"]
[Date "2021.07.31"]
[Round "?"]
[White "PKS-1988"]
[Black "mirekkk14"]
[Result "1-0"]
[WhiteElo "2468"]
[BlackElo "2427"]
[PlyCount "87"]
[EventDate "2021.??.??"]
[EventType "blitz"]

1. e4 e5 2. Nf3 d5 3. Nxe5 Bd6 4. d4 dxe4 5. Nc4 Be7 6. Bf4 Nf6 7. c3 O-O 8.
Nbd2 b5 9. Ne3 a6 10. a4 b4 11. Qb3 a5 12. Bc4 Nc6 13. Nd5 Bb7 14. O-O Bd6 15.
Bxd6 Qxd6 16. Nxf6+ Qxf6 17. Nxe4 Qg6 18. Ng3 Kh8 19. Bd5 f5 20. f4 Rab8 21.
Qc4 Qd6 22. Rae1 bxc3 23. bxc3 Nd8 24. Bxb7 Rxb7 25. Re5 g6 26. Rxa5 Ne6 27.
Re5 Rf6 28. a5 h5 29. Rfe1 Nxf4 30. Re8+ Rf8 31. Qf7 Rb8 32. R1e7 Qxe7 33. Rxe7
Rxf7 34. Rxf7 Rb1+ 35. Kf2 Rb2+ 36. Kf3 Nxg2 37. Rxc7 Nh4+ 38. Ke3 g5 39. Kd3
f4 40. Ne4 Nf5 41. a6 f3 42. a7 Ra2 43. Rc8+ Kg7 44. a8=Q {Time forfeit} 1-0

[Event "Rated Blitz game"]
[Site "?"]
[Date "2021.07.31"]
[Round "?"]
[White "QuesttoGM"]
[Black "annaly1979"]
[Result "1-0"]
[WhiteElo "2465"]
[BlackElo "2462"]
[PlyCount "57"]
[EventDate "2021.??.??"]
[EventType "blitz"]

1. e4 e5 2. Nf3 d5 3. Nxe5 Qe7 4. d4 f6 5. Nd3 Nc6 6. Nc3 dxe4 7. Nc5 f5 8. Bb5
a6 9. Nd5 Qf7 10. Bc4 Bxc5 11. dxc5 Be6 12. Nxc7+ Qxc7 13. Bxe6 Rd8 14. Qe2 Qe5
15. Bxg8 Rxg8 16. Be3 g6 17. O-O Kf7 18. f3 exf3 19. Qxf3 Rge8 20. Rae1 Qxb2
21. Rb1 Qc3 22. Rxb7+ Ne7 23. Kh1 Kg8 24. Bg5 Qxc5 25. Qb3+ Nd5 26. Bxd8 Rxd8
27. Rd1 Kh8 28. Qb2+ Kg8 29. Qg7# {Normal} 1-0

[Event "Rated Blitz game"]
[Site "?"]
[Date "2021.07.31"]
[Round "?"]
[White "taoneto"]
[Black "artsportscience"]
[Result "0-1"]
[WhiteElo "2432"]
[BlackElo "2355"]
[PlyCount "90"]
[EventDate "2021.??.??"]
[EventType "blitz"]

1. e4 e5 2. Nf3 d5 3. exd5 e4 4. Qe2 Nf6 5. Nc3 Be7 6. Nxe4 O-O 7. d3 Nxd5 8.
Qd1 Re8 9. Be2 f5 10. Nc3 Bb4 11. Bd2 Bxc3 12. bxc3 Qe7 13. Kf1 Nc6 14. h4 Bd7
15. Rb1 b6 16. h5 h6 17. c4 Nf6 18. Nh4 Nd4 19. Bf3 Nxf3 20. Qxf3 Qa3 21. Nxf5
Bxf5 22. Qxf5 Qxa2 23. Rc1 Rf8 24. Qe6+ Kh8 25. Rh3 Rae8 26. Qc6 Qb2 27. Kg1
Qd4 28. Be3 Qe5 29. Rb1 Ng4 30. Re1 Qf5 31. Qf3 Nxe3 32. Rxe3 Rxe3 33. fxe3
Qxf3 34. Rxf3 Rxf3 35. gxf3 a5 36. Kf2 Kg8 37. Ke2 Kf7 38. Kd2 Kf6 39. Kc3 g6
40. hxg6 Kxg6 41. c5 h5 42. cxb6 cxb6 43. d4 h4 44. d5 h3 45. d6 Kf6 {Normal}
0-1

[Event "Rated Blitz game"]
[Site "?"]
[Date "2021.07.31"]
[Round "?"]
[White "natanp"]
[Black "Chesspirate_Channel"]
[Result "1/2-1/2"]
[WhiteElo "2460"]
[BlackElo "2350"]
[PlyCount "128"]
[EventDate "2021.??.??"]
[EventType "blitz"]

1. e4 e5 2. Nf3 d5 3. Nc3 dxe4 4. Nxe5 Bd6 5. d4 exd3 6. Nxd3 Nf6 7. Be2 Nc6 8.
O-O h6 9. Bf4 Bf5 10. Bf3 O-O 11. Bxd6 Qxd6 12. Nb5 Qd7 13. Nc5 Qc8 14. c3 Ne5
15. Bxb7 Qe8 16. Nxc7 Qe7 17. Nxa8 Qxc5 18. Qd4 Qb5 19. Nc7 Qxb7 20. Qxe5 Be4
21. f3 Bc6 22. c4 a6 23. Rad1 Rc8 24. Nd5 Bxd5 25. cxd5 Rc2 26. d6 Nd7 27. Qe8+
Kh7 28. Qe4+ Qxe4 29. fxe4 Rxb2 30. Rxf7 Ne5 31. Re7 Ng6 32. d7 Nxe7 33. d8=Q
Ng6 34. Qd5 Rb5 35. Qxb5 axb5 36. Rb1 Nf4 37. Rxb5 Ne2+ 38. Kf2 Nd4 39. Rd5 Nc6
40. Rc5 Nd4 41. Rd5 Nc6 42. Kf3 Ne7 43. Kf4 Ng6+ 44. Kf5 Ne7+ 45. Ke6 Ng6 46.
Rf5 Nf4+ 47. Rxf4 g5 48. Rf3 Kg6 49. Rf5 Kh5 50. Rf6 g4 51. Rxh6+ Kg5 52. Rg6+
Kf4 53. Rf6+ Ke3 54. Rf4 Ke2 55. Rxg4 Ke1 56. Rg6 Ke2 57. Rf6 Ke1 58. e5 Ke2
59. Kd6 Ke1 60. Kd5 Ke2 61. e6 Ke1 62. e7 Kd1 63. e8=Q Kd2 64. Qe6 Kd1 {
Time forfeit} 1/2-1/2

[Event "Rated Blitz game"]
[Site "?"]
[Date "2021.07.31"]
[Round "?"]
[White "ghadanfar"]
[Black "KinzyabulatovRenat"]
[Result "1-0"]
[WhiteElo "2463"]
[BlackElo "2412"]
[PlyCount "63"]
[EventDate "2021.??.??"]
[EventType "blitz"]

1. e4 e5 2. Nf3 d5 3. exd5 e4 4. Qe2 Nf6 5. Nc3 Be7 6. Ng5 O-O 7. Ngxe4 Re8 8.
d3 Nxd5 9. Nxd5 Qxd5 10. Be3 Nc6 11. Qd2 f5 12. Nc3 Qa5 13. Be2 Bb4 14. O-O Bd7
15. a3 Bxc3 16. bxc3 Qe5 17. Bh5 g6 18. Bf4 Qa5 19. Bf3 Rab8 20. c4 Qxd2 21.
Bxd2 Ne5 22. Bd1 c5 23. Re1 Nc6 24. Rxe8+ Rxe8 25. Rb1 b6 26. Bf3 Nd4 27. Bd5+
Be6 28. c3 Bxd5 29. cxd5 Re2 30. Bg5 Nb5 31. Kf1 Nxc3 32. d6 {Time forfeit} 1-0

[Event "Rated Blitz game"]
[Site "?"]
[Date "2021.07.31"]
[Round "?"]
[White "NormWeinstein"]
[Black "geptil"]
[Result "0-1"]
[WhiteElo "2499"]
[BlackElo "2368"]
[PlyCount "78"]
[EventDate "2021.??.??"]
[EventType "blitz"]

1. e4 e5 2. Nf3 d5 3. d4 dxe4 4. Nxe5 Bd6 5. Bf4 Nf6 6. Be2 O-O 7. O-O Nc6 8.
Nc3 Qe7 9. Nxc6 bxc6 10. Bg5 h6 11. Bxf6 Qxf6 12. Nxe4 Bxh2+ 13. Kxh2 Qh4+ 14.
Kg1 Qxe4 15. Bf3 Qg6 16. Re1 Bf5 17. c3 Rfd8 18. Qa4 Bd7 19. Qa3 Qd6 20. Qa5
Be6 21. b4 Bd5 22. Bxd5 cxd5 23. Re3 Qb6 24. Qa4 a5 25. b5 Rab8 26. Re7 Rdc8
27. Rae1 Qxb5 28. Qxb5 Rxb5 29. Rd7 c6 30. Ree7 Rf8 31. Rc7 Rb6 32. Ra7 Rb5 33.
Ra6 Rc8 34. Raa7 Rf8 35. Rec7 Rb2 36. Rxa5 Re8 37. Rxc6 Re1+ 38. Kh2 Rxf2 39.
Rxd5 Ree2 {Normal} 0-1

[Event "Rated Blitz tournament mnG8gFsX"]
[Site "?"]
[Date "2021.07.31"]
[Round "?"]
[White "champ_1248"]
[Black "CaroyinixDiscomix"]
[Result "0-1"]
[WhiteElo "2229"]
[BlackElo "2401"]
[PlyCount "108"]
[EventDate "2021.??.??"]
[EventType "blitz"]

1. e4 e5 2. Nf3 d5 3. Nxe5 Bd6 4. d4 dxe4 5. Bc4 Bxe5 6. Qh5 Qe7 7. Qxe5 Qxe5
8. dxe5 Nc6 9. Bf4 Nge7 10. Nc3 Ng6 11. Bg3 Ncxe5 12. Bb3 c6 13. Nxe4 O-O 14.
O-O-O a5 15. a4 Be6 16. h4 Bxb3 17. cxb3 h5 18. f4 Ng4 19. Rd7 Rfe8 20. Ng5 Re3
21. Be1 f6 22. Bd2 Rxb3 23. Ne4 Re8 24. Nc5 Rg3 25. Nxb7 Rxg2 26. Nxa5 Ree2 27.
Nxc6 Nxf4 28. a5 Ne6 29. a6 Nc5 30. Rd8+ Kh7 31. a7 Nb3+ 32. Kc2 Nxd2 33. a8=Q
Ne4+ 34. Kb1 Rxb2+ 35. Ka1 Ra2+ 36. Qxa2 Rxa2+ 37. Kxa2 Nc3+ 38. Kb3 Ne4 39.
Re1 Nc5+ 40. Kc4 Na4 41. Ree8 Kg6 42. Ne7+ Kf7 43. Nd5 Nb2+ 44. Kb3 Nd1 45.
Re7+ Kg6 46. Nf4+ Kf5 47. Nxh5 Ndf2 48. Nxg7+ Kg6 49. h5+ Kg5 50. h6 Nxh6 51.
Rd5+ Kf4 52. Ne6+ Kf3 53. Nd4+ Kf4 54. Re4+ Kg3 {Time forfeit} 0-1

[Event "Rated Blitz game"]
[Site "?"]
[Date "2021.07.31"]
[Round "?"]
[White "The3Streets"]
[Black "KinzyabulatovRenat"]
[Result "0-1"]
[WhiteElo "2519"]
[BlackElo "2406"]
[PlyCount "36"]
[EventDate "2021.??.??"]
[EventType "blitz"]

1. e4 e5 2. Nf3 d5 3. d4 dxe4 4. Nxe5 Bd6 5. Nc4 Be7 6. Nc3 Nf6 7. Bg5 O-O 8.
Be2 Nc6 9. d5 Nxd5 10. Qxd5 Bxg5 11. Qxd8 Rxd8 12. Nxe4 Be7 13. O-O Be6 14.
Rad1 Nd4 15. Bd3 Nxc2 16. Ne5 Nb4 17. Bb1 Bxa2 18. Nd7 Bxb1 {Normal} 0-1

[Event "Rated Blitz game"]
[Site "?"]
[Date "2021.07.31"]
[Round "?"]
[White "Yossarian222"]
[Black "mirekkk14"]
[Result "1-0"]
[WhiteElo "2425"]
[BlackElo "2404"]
[PlyCount "83"]
[EventDate "2021.??.??"]
[EventType "blitz"]

1. e4 e5 2. Nf3 d5 3. Nxe5 Bd6 4. d4 dxe4 5. Nd2 f5 6. Bc4 Bxe5 7. dxe5 Qe7 8.
O-O Qxe5 9. f4 Qe7 10. Nb3 Be6 11. Bxe6 Qxe6 12. Be3 Ne7 13. Nc5 Qc8 14. Qh5+
g6 15. Qh6 b6 16. Bd4 Rg8 17. Qxh7 bxc5 18. Bxc5 Nbc6 19. b4 Qe6 20. b5 Qc4 21.
Ba3 Qxb5 22. Rab1 Qa5 23. Bxe7 Nxe7 24. Rfd1 Qc5+ 25. Kh1 Qc6 26. h3 Qe6 27. a4
Qf7 28. Qh4 Rd8 29. Rxd8+ Kxd8 30. Qf2 Nc6 31. Qc5 Qe6 32. a5 Ke8 33. a6 Kf7
34. Rb7 Rc8 35. Qc3 Qf6 36. Qc4+ Qe6 37. Qc3 Qd6 38. Qe3 Nd4 39. Rxa7 Rd8 40.
Rb7 Rd7 41. a7 Nxc2 42. Qb3+ {Time forfeit} 1-0

[Event "Rated Blitz game"]
[Site "?"]
[Date "2021.07.31"]
[Round "?"]
[White "Slovenia62"]
[Black "Tristan2020"]
[Result "1-0"]
[WhiteElo "2402"]
[BlackElo "2291"]
[PlyCount "92"]
[EventDate "2021.??.??"]
[EventType "blitz"]

1. e4 e5 2. Nf3 d5 3. Nc3 dxe4 4. Nxe4 Nf6 5. Nxf6+ Qxf6 6. Bc4 Bc5 7. O-O O-O
8. h3 Nc6 9. d3 h6 10. Be3 Bb6 11. a3 Be6 12. Nd2 Qg6 13. Kh2 Bd4 14. Bxd4 Nxd4
15. c3 Nf5 16. Bxe6 Qxe6 17. Ne4 Rae8 18. Re1 Nd6 19. Qf3 b6 20. Nxd6 Qxd6 21.
Re3 Re6 22. Rae1 Rf6 23. Qg3 Rg6 24. Qxe5 Qd7 25. d4 Re6 26. Qf4 Rxe3 27. Qxe3
c5 28. dxc5 bxc5 29. Re2 Rc8 30. g3 a5 31. h4 Qg4 32. Kg2 Rd8 33. Qe4 Qxe4+ 34.
Rxe4 Rd2 35. Rc4 Rxb2 36. Rxc5 Rb3 37. Rxa5 Rxc3 38. Ra8+ Kh7 39. a4 Kg6 40. a5
Ra3 41. g4 f5 42. Ra6+ Kf7 43. gxf5 h5 44. f3 Ra4 45. Kg3 Ra1 46. Kf4 Rg1 {
Normal} 1-0

[Event "Rated Blitz game"]
[Site "?"]
[Date "2021.07.31"]
[Round "?"]
[White "VelesSars"]
[Black "Almalik25"]
[Result "0-1"]
[WhiteElo "2435"]
[BlackElo "2371"]
[PlyCount "46"]
[EventDate "2021.??.??"]
[EventType "blitz"]

1. e4 e5 2. Nf3 d5 3. Nxe5 Bd6 4. d4 dxe4 5. Nc4 Be7 6. d5 Nf6 7. Nc3 O-O 8.
Be2 Bf5 9. O-O Nbd7 10. Bf4 a6 11. h3 b5 12. Ne3 Bg6 13. a3 Bd6 14. Bh2 Re8 15.
Qd2 Ne5 16. Rad1 Nfd7 17. Bg4 Nxg4 18. hxg4 Qh4 19. Bxd6 cxd6 20. Nf5 Qxg4 21.
Nxd6 Ne5 22. f3 exf3 23. Qd4 Qxg2# {Normal} 0-1

[Event "Rated Blitz tournament JvjT1Ic4"]
[Site "?"]
[Date "2021.07.31"]
[Round "?"]
[White "TylerCallisto"]
[Black "batasjon"]
[Result "1-0"]
[WhiteElo "2623"]
[BlackElo "2436"]
[PlyCount "87"]
[EventDate "2021.??.??"]
[EventType "blitz"]

1. e4 e5 2. Nf3 d5 3. Nc3 dxe4 4. Nxe4 f5 5. Nc3 e4 6. Qe2 Ne7 7. Ne5 Nbc6 8.
Qb5 a6 9. Nxc6 Nxc6 10. Qd5 Bd6 11. Bc4 Qe7 12. a3 Bd7 13. O-O O-O-O 14. d3 Ne5
15. Be3 c6 16. Qa5 Nxc4 17. dxc4 Qe5 18. Qxe5 Bxe5 19. Bg5 Rde8 20. g3 h6 21.
Be3 g5 22. Bc5 Bc7 23. Na4 Be6 24. Rfe1 b5 25. cxb5 axb5 26. Nc3 h5 27. a4 b4
28. Bxb4 h4 29. a5 hxg3 30. hxg3 Rh7 31. Kg2 f4 32. Rxe4 Bh3+ 33. Kf3 g4+ 34.
Ke2 f3+ 35. Ke3 Rg8 36. Bc5 Bd8 37. Kd3 Rc7 38. a6 Rd7+ 39. Rd4 Bf6 40. Rxd7
Kxd7 41. Bd4 Bg5 42. Ne4 Bd8 43. Nc5+ Kd6 44. Ne4+ {Normal} 1-0

[Event "Rated Blitz tournament JvjT1Ic4"]
[Site "?"]
[Date "2021.07.31"]
[Round "?"]
[White "Zdorovan"]
[Black "batasjon"]
[Result "1-0"]
[WhiteElo "2494"]
[BlackElo "2435"]
[PlyCount "127"]
[EventDate "2021.??.??"]
[EventType "blitz"]

1. e4 e5 2. Nf3 d5 3. exd5 e4 4. Qe2 Nf6 5. d3 Qxd5 6. Nc3 Bb4 7. Bd2 Bxc3 8.
Bxc3 O-O 9. dxe4 Nxe4 10. Rd1 Qf5 11. Nd4 Qg6 12. Qf3 Bg4 13. Qf4 Bxd1 14. Kxd1
Nxc3+ 15. bxc3 Nc6 16. Kc1 Nxd4 17. cxd4 Qd6 18. Qxd6 cxd6 19. Bd3 Rfe8 20. Kd2
Kf8 21. Rb1 b6 22. f3 Re7 23. Be4 Rc8 24. Kd3 g6 25. g4 Kg7 26. g5 f5 27. gxf6+
Kxf6 28. h4 Rd8 29. Rb5 Rc7 30. c4 Rdc8 31. Bd5 Re8 32. Be4 Kg7 33. h5 Rf7 34.
hxg6 hxg6 35. Rg5 Rf6 36. a4 Rh8 37. a5 Rb8 38. Rb5 Rff8 39. axb6 Rxb6 40. Ra5
Rf7 41. Rg5 Rf6 42. Ra5 Rf7 43. c5 dxc5 44. dxc5 Rbf6 45. c6 Rc7 46. Kd4 Kf8
47. Kc5 Ke7 48. Rb5 Re6 49. Rb7 Kd8 50. Rb8+ Rc8 51. Rb7 Re7 52. Rb1 Re5+ 53.
Kd6 Re7 54. Rh1 Rcc7 55. Rh8+ Re8 56. Rxe8+ Kxe8 57. Kxc7 Ke7 58. Kb7 a5 59. c7
Kd7 60. c8=Q+ Kd6 61. Qc7+ Ke6 62. Qxa5 Kf6 63. Qb6+ Kg5 64. Qxg6+ {Normal} 1-0

[Event "Rated Blitz game"]
[Site "?"]
[Date "2021.07.31"]
[Round "?"]
[White "H-HH"]
[Black "KinzyabulatovRenat"]
[Result "0-1"]
[WhiteElo "2481"]
[BlackElo "2438"]
[PlyCount "62"]
[EventDate "2021.??.??"]
[EventType "blitz"]

1. e4 e5 2. Nf3 d5 3. exd5 e4 4. Qe2 Nf6 5. Nc3 Be7 6. Nxe4 Nxd5 7. d3 O-O 8.
Qd1 Re8 9. Be2 c5 10. O-O Nc6 11. c3 Qc7 12. Re1 Bg4 13. h3 Bh5 14. Ng3 Bg6 15.
Bf1 Rad8 16. Bg5 Bxg5 17. Nxg5 Rxe1 18. Qxe1 Nf4 19. Rd1 Ne5 20. d4 h6 21. dxe5
hxg5 22. Rxd8+ Qxd8 23. Qe3 Qd5 24. Ne2 Ne6 25. g3 Qxa2 26. Qd2 b5 27. Nc1 Qb1
28. Bxb5 a5 29. Bc4 Bf5 30. Kh2 Qe4 31. Qe3 Qxc4 {Normal} 0-1

[Event "Rated Blitz tournament 2cVOx3DD"]
[Site "?"]
[Date "2021.07.31"]
[Round "?"]
[White "Hungz"]
[Black "Jorny_Too_Pass"]
[Result "1-0"]
[WhiteElo "2499"]
[BlackElo "2322"]
[PlyCount "101"]
[EventDate "2021.??.??"]
[EventType "blitz"]

1. e4 e5 2. Nf3 d5 3. d3 dxe4 4. dxe4 Qxd1+ 5. Kxd1 Bg4 6. Bd3 Nc6 7. Be3 O-O-O
8. Nbd2 f6 9. h3 Bxf3+ 10. Nxf3 Nge7 11. Ke2 a6 12. c3 Ng6 13. g3 Be7 14. Rhd1
Kb8 15. a4 h5 16. h4 Nf8 17. b4 g6 18. b5 Na5 19. bxa6 b6 20. Rab1 Ne6 21. Rb5
Bc5 22. Rxa5 bxa5 23. Rb1+ Ka8 24. Bc4 Bxe3 25. Bxe6 Bb6 26. Nd2 Ka7 27. Bc4
Rb8 28. Bb5 Rhd8 29. Nb3 Rd6 30. c4 c6 31. c5 cxb5 32. cxd6 b4 33. d7 Rd8 34.
Rd1 Kxa6 35. Rd6 Kb7 36. Kd3 Kc7 37. Rxf6 Rxd7+ 38. Kc4 Rd1 39. Kb5 Bd4 40.
Nxa5 Bc3 41. Rxg6 Rb1 42. Rg7+ Kd6 43. Rg6+ Ke7 44. Kc4 Ra1 45. Nc6+ Kf7 46.
Rg5 Rxa4 47. Rxh5 Bd4 48. Nxb4 Ra3 49. Rf5+ Ke6 50. Nd5 Ra4+ 51. Kb3 {Time
forfeit} 1-0

[Event "Rated Blitz game"]
[Site "?"]
[Date "2021.07.31"]
[Round "?"]
[White "bigote22"]
[Black "magos33"]
[Result "1-0"]
[WhiteElo "2353"]
[BlackElo "2430"]
[PlyCount "121"]
[EventDate "2021.??.??"]
[EventType "blitz"]

1. e4 e5 2. Nf3 d5 3. d4 dxe4 4. Nxe5 Bd6 5. Nc4 Nf6 6. Nxd6+ Qxd6 7. Be2 O-O
8. O-O Bf5 9. h3 Nbd7 10. Be3 Rfe8 11. Nd2 c5 12. c3 cxd4 13. Bxd4 Ne5 14. Nc4
Nxc4 15. Bxc4 Rac8 16. Qb3 Bg6 17. Rad1 Qf4 18. Be3 Qb8 19. Be2 b6 20. Rd2 Rcd8
21. Rfd1 Rxd2 22. Rxd2 Rd8 23. Qc2 Rxd2 24. Qxd2 Qe8 25. Qd6 h6 26. Bd4 Nd7 27.
Bb5 Bf5 28. Qg3 g6 29. Qd6 Qe6 30. Qf4 g5 31. Qc7 Nf8 32. Qe5 Qxe5 33. Bxe5 Bd7
34. Bc4 Be6 35. Ba6 Bxa2 36. Bb8 Nd7 37. Bxa7 Kf8 38. Bb5 Ke7 39. Bxd7 Kxd7 40.
Bxb6 Ke6 41. b4 h5 42. Kf1 Bc4+ 43. Ke1 f5 44. Kd2 g4 45. hxg4 hxg4 46. Be3 Kd5
47. Kc2 Kc6 48. Kb2 Kb5 49. Ka3 Bd5 50. g3 Bc4 51. Kb2 Bd5 52. Kc2 Bc4 53. Bd4
Kc6 54. Kd2 Kd5 55. Ke3 Ke6 56. Kf4 Bb5 57. Bc5 Bc4 58. Ke3 Bb5 59. Kd4 Be2 60.
c4 Kd7 61. b5 {Time forfeit} 1-0

[Event "Rated Rapid game"]
[Site "?"]
[Date "2021.07.31"]
[Round "?"]
[White "Gannoski"]
[Black "Wilhelm-Steiniz"]
[Result "1-0"]
[WhiteElo "2371"]
[BlackElo "2469"]
[PlyCount "41"]
[EventDate "2021.??.??"]
[EventType "rapid"]

1. e4 e5 2. Nf3 d5 3. exd5 e4 4. Qe2 Nf6 5. d3 Qxd5 6. dxe4 Qxe4 7. Nc3 Bb4 8.
Bd2 Qxe2+ 9. Bxe2 O-O 10. O-O-O Nc6 11. Nb5 Bd6 12. Nxd6 cxd6 13. Bg5 Ne4 14.
Be3 Ne5 15. Nxe5 dxe5 16. f3 Nf6 17. Bc5 Bf5 18. Bxf8 Rxf8 19. Bd3 Be6 20. Rhe1
e4 21. Bxe4 {Normal} 1-0

[Event "Rated Blitz game"]
[Site "?"]
[Date "2021.07.31"]
[Round "?"]
[White "Din-don-dan"]
[Black "annaly1979"]
[Result "1/2-1/2"]
[WhiteElo "2474"]
[BlackElo "2459"]
[PlyCount "62"]
[EventDate "2021.??.??"]
[EventType "blitz"]

1. e4 e5 2. Nf3 d5 3. d4 dxe4 4. Nxe5 Bd6 5. Nc4 Nf6 6. Nc3 h6 7. Be2 O-O 8.
O-O Bf5 9. Be3 Nc6 10. Nxd6 cxd6 11. Kh1 d5 12. Qd2 a6 13. a4 Rc8 14. Rae1 Bg6
15. h3 Ne7 16. f4 exf3 17. Bxf3 Nf5 18. Bf2 Qc7 19. Re5 Rfd8 20. Bxd5 Nxd5 21.
Nxd5 Rxd5 22. Rxd5 Qxc2 23. Qf4 Qc4 24. Rxf5 Qxf1+ 25. Kh2 Bxf5 26. Qxf5 Rc1
27. d5 Rd1 28. Qc8+ Kh7 29. Qf5+ Kg8 30. Qc8+ Kh7 31. Qf5+ Kg8 {Normal} 1/2-1/2

[Event "Rated Blitz game"]
[Site "?"]
[Date "2021.07.31"]
[Round "?"]
[White "ffl0"]
[Black "ahoramahora"]
[Result "1-0"]
[WhiteElo "2574"]
[BlackElo "2433"]
[PlyCount "89"]
[EventDate "2021.??.??"]
[EventType "blitz"]

1. e4 e5 2. Nf3 d5 3. exd5 e4 4. Qe2 Nf6 5. d3 Qxd5 6. Nbd2 Be6 7. Nxe4 Nc6 8.
Nxf6+ gxf6 9. Qe4 Qb5 10. Be2 O-O-O 11. O-O f5 12. Qh4 Be7 13. Qh5 Rhg8 14. a4
Qa5 15. Bd2 Bb4 16. c3 Bd6 17. b4 Qd5 18. c4 Bxh2+ 19. Qxh2 Qd7 20. b5 Ne7 21.
Be3 f4 22. Bxf4 Ng6 23. Bg5 h6 24. Bxd8 Qxd8 25. a5 a6 26. bxa6 bxa6 27. Rab1
h5 28. Rb2 h4 29. Rfb1 Kd7 30. Ne5+ Nxe5 31. Qxe5 Rg5 32. Qd4+ Ke8 33. Qxd8+
Kxd8 34. d4 Rxa5 35. d5 Bf5 36. Rb8+ Kd7 37. R1b7 Ra1+ 38. Kh2 Ra2 39. Rb2 Ra3
40. c5 h3 41. Bf3 hxg2 42. Kxg2 Rc3 43. c6+ Ke7 44. Re2+ Kf6 45. Rb7 {Time
forfeit} 1-0

[Event "Rated Blitz game"]
[Site "?"]
[Date "2021.07.31"]
[Round "?"]
[White "GoranPa"]
[Black "KinzyabulatovRenat"]
[Result "1-0"]
[WhiteElo "2467"]
[BlackElo "2402"]
[PlyCount "95"]
[EventDate "2021.??.??"]
[EventType "blitz"]

1. e4 e5 2. Nf3 d5 3. Nxe5 Bd6 4. d4 dxe4 5. Nc4 Be7 6. Nc3 Nf6 7. Bg5 O-O 8.
Be2 Nc6 9. d5 Nxd5 10. Bxe7 Ndxe7 11. Nxe4 Nb4 12. c3 Qxd1+ 13. Rxd1 Nbd5 14.
O-O Nf4 15. Bf3 Be6 16. Ne3 Rfd8 17. Nc5 Bxa2 18. Nxb7 Rxd1 19. Rxd1 Rb8 20.
Rd7 Kf8 21. Rxc7 a5 22. g3 Nd3 23. Nxa5 Rxb2 24. Rb7 Rxb7 25. Nxb7 g6 26. Be2
Ne5 27. Na5 N7c6 28. Nxc6 Nxc6 29. Bb5 Na7 30. Ba4 Ke7 31. f4 Kd6 32. Kf2 Kc5
33. Ke2 Nc8 34. Kd3 Nb6 35. Be8 h5 36. h4 Be6 37. Ke4 Nc8 38. Ke5 Nd6 39. Ba4
Nc4+ 40. Nxc4 Kxc4 41. Kf6 Kxc3 42. Be8 Kd4 43. Bxf7 Bg4 44. Bxg6 Ke3 45. Kg5
Kf3 46. Bxh5 Bxh5 47. Kxh5 Kxg3 48. f5 {Normal} 1-0

[Event "Rated Blitz tournament JvjT1Ic4"]
[Site "?"]
[Date "2021.07.31"]
[Round "?"]
[White "cacique26"]
[Black "Shuhratullo"]
[Result "1-0"]
[WhiteElo "2430"]
[BlackElo "2226"]
[PlyCount "61"]
[EventDate "2021.??.??"]
[EventType "blitz"]

1. e4 e5 2. Nf3 d5 3. exd5 e4 4. Nd4 Qxd5 5. Nb3 Nf6 6. Nc3 Qe6 7. Be2 a5 8.
O-O a4 9. Nd4 Qe5 10. Ndb5 c6 11. d4 exd3 12. Bxd3 Be6 13. Re1 Qc5 14. Nc7+ Kd7
15. Nxa8 Bd6 16. Be3 Qb4 17. Nb6+ Kc7 18. Nbxa4 Bxh2+ 19. Kxh2 Qh4+ 20. Kg1 Ng4
21. Bf4+ Kc8 22. Nb6+ Kd8 23. Bf5+ Ke8 24. Rxe6+ fxe6 25. Bxg4 h5 26. Bxe6 Qxf4
27. Qd3 Rf8 28. Qg6+ Ke7 29. Nbd5+ cxd5 30. Nxd5+ Kd6 31. Nxf4 {Normal} 1-0

[Event "Rated Blitz game"]
[Site "?"]
[Date "2021.07.31"]
[Round "?"]
[White "PKS-1988"]
[Black "ahoramahora"]
[Result "1-0"]
[WhiteElo "2471"]
[BlackElo "2361"]
[PlyCount "109"]
[EventDate "2021.??.??"]
[EventType "blitz"]

1. e4 e5 2. Nf3 d5 3. Nxe5 Bd6 4. d4 dxe4 5. Nc4 Nf6 6. Nxd6+ Qxd6 7. c3 O-O 8.
Bc4 c5 9. dxc5 Qxc5 10. Qe2 Nc6 11. Be3 Qe7 12. h3 Ne5 13. Nd2 Be6 14. O-O Bxc4
15. Nxc4 Rac8 16. Nxe5 Qxe5 17. Bd4 Qe6 18. Bxf6 gxf6 19. Rfd1 Rfd8 20. a3 a6
21. h4 f5 22. g3 h6 23. Rxd8+ Rxd8 24. Rd1 Rxd1+ 25. Qxd1 Kh7 26. Qd4 b5 27.
Kg2 Kg6 28. a4 bxa4 29. Qxa4 e3 30. fxe3 Qxe3 31. Qxa6+ Kh5 32. Qf1 Kg6 33.
Qa6+ Kg7 34. Qf1 Kg6 35. Qf3 Qd2+ 36. Qf2 Qd5+ 37. Kh2 Qb3 38. Qe2 h5 39. Kg2
Qd5+ 40. Kh2 Qb3 41. Kg1 Qb6+ 42. Kh1 Qb3 43. Kh2 Qb8 44. c4 Qd6 45. Qc2 Kg7
46. c5 Qe5 47. c6 f6 48. c7 f4 49. c8=Q fxg3+ 50. Kg2 Qd5+ 51. Kxg3 Qe5+ 52.
Kf3 Qd5+ 53. Ke2 Qg2+ 54. Kd3 Qf3+ 55. Kc4 {Time forfeit} 1-0

[Event "Rated Blitz game"]
[Site "?"]
[Date "2021.07.31"]
[Round "?"]
[White "MagicRabbit"]
[Black "szachmatcom"]
[Result "0-1"]
[WhiteElo "2282"]
[BlackElo "2456"]
[PlyCount "88"]
[EventDate "2021.??.??"]
[EventType "blitz"]

1. e4 e5 2. Nf3 d5 3. Nxe5 Bd6 4. d4 Nf6 5. Nxf7 Kxf7 6. e5 Re8 7. Be2 Bxe5 8.
dxe5 Rxe5 9. O-O Kg8 10. Nc3 c5 11. Bf4 Re8 12. Bg5 d4 13. Bc4+ Be6 14. Qe2
dxc3 15. Bxe6+ Kh8 16. Qc4 cxb2 17. Rab1 Qd4 18. h3 Nc6 19. Bxf6 Qxf6 20. Rfe1
Nd4 21. Bg4 b5 22. Qxc5 h5 23. Bd7 Re2 24. Rf1 Rxc2 25. Qxh5+ Kg8 26. Bxb5 Rac8
27. Bd3 g6 28. Bxg6 R2c5 29. Qh7+ Kf8 30. Qh6+ Qg7 31. Qf4+ Kg8 32. Be4 Ne2+
33. Kh2 Nxf4 34. g3 Ne2 35. Rfe1 Rc2 36. Kg2 Nf4+ 37. Kf3 Ne6 38. Bd5 Kh7 39.
Be4+ Kh6 40. Kg2 Ng5 41. Bxc2 Rxc2 42. Re5 Qb7+ 43. Kh2 Nf3+ 44. Kg2 Nxe5+ {
Time forfeit} 0-1